| 000 | 00503nam a22001817a 4500 | ||
|---|---|---|---|
| 005 | 20241205132232.0 | ||
| 008 | 241205b |||||||| |||| 00| 0 eng d | ||
| 020 | _a81-219-2029-2 | ||
| 050 |
_aPE1128 _bJAI |
||
| 100 | _aJAIN, K. A. Er; | ||
| 245 | _aPROFESSIONAL COMMUNICATION SKILLS | ||
| 260 |
_aNEW DELHI _bS. CHAND & COMPANY LTD _cc2001 |
||
| 300 |
_avi, 394p; _bill.; |
||
| 500 | _aINCLUDING APPENDIX | ||
| 700 | _aBHATIA S.R. PRAVIN, Dr; | ||
| 700 | _aSHEIKH, M.A. Dr; | ||
| 942 |
_2lcc _cBK _n0 |
||
| 999 |
_c1976 _d1976 |
||